000
00487nam a2200145Ia 4500
008
100122s9999 xx 000 0 und d
082
_b
531
_a
821.09
100
_a
आळतेकर माधव दा
245
_a
कालिदासाची सृष्टि
260
_b
मा दा आळतेकर
_c
1937
300
_a
276
630
_a
कालिदासाची सृष्टि
730
_a
कालिदासाची सृष्टि
942
_c
BOOK
999
_c
395708
_d
395705